000 00530nam a2200181Ia 4500
008 220216s9999 xx 000 0 und d
100 _aSenthil Kumar
245 0 _aFacile synthesis of functionalized nano-silica: Effect of microstructure on the physical properties of LSR
260 _bRubber World
_c2009
300 _a25-29
700 _aGupta Samik
700 _aNagaralli Basavaraj
700 _aSaxena Anubhav
700 _aSrikanth Abirami
700 _aSteinberger Helmut
700 _aTiwari Sandip
942 _cJS
999 _c59218
_d59218